[Event "23rd ETCC Open 2021"]
[Site "Catez"]
[Date "2021.11.12"]
[Round "1.63"]
[White "Jianu, Vlad-Cristian"]
[Black "Ronka, Erik"]
[Result "1-0"]
[WhiteElo "2522"]
[BlackElo "2321"]
[Annotator "ChessBase"]
[PlyCount "103"]
[EventDate "2021.11.08"]
[EventType "team-tourn"]
[EventCountry "SLO"]
[SourceTitle "playchess.com"]
[Source "ChessBase"]
[SourceQuality "1"]
[WhiteTeam "Romania"]
[BlackTeam "Finland"]
[WhiteTeamCountry "ROU"]
[BlackTeamCountry "FIN"]
[TimeControl "40/5400+30:1800+30"]

1. d4 d5 2. c4 e6 3. Nf3 Nf6 4. Nc3 c5 5. cxd5 Nxd5 6. e4 Nxc3 7. bxc3 cxd4 8.
cxd4 Bb4+ 9. Bd2 Bxd2+ 10. Qxd2 O-O 11. Bc4 Nd7 12. O-O b6 13. Rad1 Bb7 14.
Rfe1 Rc8 15. Bb3 Qf6 16. Re3 Qf4 17. Qe1 Nf6 18. g3 Qc7 19. Ne5 Nd7 20. Nd3 b5
21. f3 a5 22. a3 Rfd8 23. Nf4 Qb6 24. Kg2 Nf6 25. d5 a4 26. Ba2 g5 27. Nh3 h6
28. Red3 exd5 29. Bxd5 Nxd5 30. exd5 Rc2+ 31. R1d2 Qc5 32. Rxc2 Qxc2+ 33. Nf2
Qc5 34. Ne4 Qe7 35. Qc3 f5 36. d6 Qe6 37. Qc7 fxe4 38. Qxd8+ Kf7 39. Qc7+ Kg6
40. Qc2 exd3 41. Qxd3+ Kf7 42. d7 Qa2+ 43. Kh3 g4+ 44. Kh4 Qg2 45. Qh7+ Ke6 46.
d8=N+ Ke5 47. Qg7+ Kd5 48. Qxb7+ Kd4 49. Qe4+ Kc3 50. Qb4+ Kc2 51. Kxg4 Qxh2
52. Qxb5 1-0

[Event "23rd ETCC Open 2021"]
[Site "Catez"]
[Date "2021.11.12"]
[Round "1.64"]
[White "Kokkila, Tero"]
[Black "Gavrilescu, David"]
[Result "0-1"]
[WhiteElo "2283"]
[BlackElo "2514"]
[Annotator "ChessBase"]
[PlyCount "80"]
[EventDate "2021.11.08"]
[EventType "team-tourn"]
[EventCountry "SLO"]
[SourceTitle "playchess.com"]
[Source "ChessBase"]
[SourceQuality "1"]
[WhiteTeam "Finland"]
[BlackTeam "Romania"]
[WhiteTeamCountry "FIN"]
[BlackTeamCountry "ROU"]
[TimeControl "40/5400+30:1800+30"]

1. e4 c5 2. Nf3 d6 3. d4 cxd4 4. Nxd4 Nf6 5. Nc3 Nc6 6. Bg5 e6 7. Qd2 a6 8.
O-O-O Bd7 9. f4 b5 10. Nxc6 Bxc6 11. Qe1 Be7 12. h4 b4 13. Bxf6 gxf6 14. Nb1
Qa5 15. Bc4 Rc8 16. Qe2 Bb5 17. Bxb5+ axb5 18. Rh3 Rc5 19. Nd2 Qxa2 20. Nb3 Rc4
21. Rd4 Qa6 22. Kb1 Rg8 23. g4 Qa7 24. Rd1 Kd7 25. g5 Rgc8 26. gxf6 Bf8 27. Qh5
Kd8 28. Qxb5 Rxe4 29. Na5 Qd7 30. Nb7+ Kc7 31. Qd3 d5 32. Na5 Ra8 33. Nb3 Bd6
34. f5 Qa4 35. Rf3 Be5 36. Kc1 Qa2 37. fxe6 Qxb2+ 38. Kd2 Bc3+ 39. Qxc3+ bxc3+
40. Rxc3+ Kd6 0-1

[Event "23rd ETCC Open 2021"]
[Site "Catez"]
[Date "2021.11.12"]
[Round "1.65"]
[White "Saraci, Nderim"]
[Black "Yilmaz, Mustafa"]
[Result "0-1"]
[WhiteElo "2486"]
[BlackElo "2626"]
[Annotator "TA"]
[PlyCount "86"]
[EventDate "2021.11.08"]
[EventType "team-tourn"]
[EventCountry "SLO"]
[SourceTitle "playchess.com"]
[Source "ChessBase"]
[SourceQuality "1"]
[WhiteTeam "Kosovo"]
[BlackTeam "Turkey"]
[WhiteTeamCountry "KOS"]
[BlackTeamCountry "TUR"]

{[%evp 11,86,22,26,15,22,10,23,2,11,8,17,14,20,11,18,18,34,-13,0,0,39,0,0,0,0,
0,0,-50,-33,-56,-67,-83,-72,-82,-48,-151,-158,-128,-46,-55,-56,-60,-60,-72,-39,
-43,-52,-58,8,-169,-176,-368,-374,-416,-390,-419,-420,-351,-305,-743,-481,-465,
-397,-883,-706,-677,-305,-643,-290,-284,-251,-302,-303,-563,-554,-497,-470]} 1.
d4 Nf6 2. c4 e6 3. Nf3 d5 4. g3 dxc4 5. Bg2 a6 6. O-O Nc6 7. Bg5 {E04: Open
Catalan: 5 Nf3.} Be7 8. e3 Bd7 9. Nfd2 {[#] White has an edge.} Na5 $5 $146 {
[%mdl 8] An interesting novelty.} ({Predecessor:} 9... e5 10. Nxc4 exd4 11.
exd4 O-O 12. Ne5 Nxe5 13. dxe5 Ng4 14. Bf4 g5 15. Bd2 Nxe5 {1/2-1/2 (111)
Schreiner,P (2453)-Donchenko,A (2650) Germany 2019}) 10. Qc2 Rc8 11. Rd1 b5 12.
Nc3 O-O 13. a4 {Black must now prevent axb5.} c6 14. Bxf6 gxf6 15. Nce4 Qb6 16.
b4 cxb3 17. Nxb3 Nxb3 18. Qxb3 Rfd8 19. Rdc1 e5 {aiming for ...Be6.} 20. Nc5
Bf5 21. Qb2 a5 22. h4 Bf8 23. Qc3 (23. Be4 $15 Bxe4 24. Nxe4 exd4 25. Qe2)
23... b4 $17 24. Qb2 Bg7 (24... b3 $17 25. Rc4 Bxc5 26. Rxc5 Qb4) 25. Rc4 $1
$15 exd4 26. exd4 Rd6 27. Rac1 Be6 $36 {[%mdl 2048] Black is more active.} 28.
Nxe6 fxe6 29. Qe2 $1 {next d5 is good for White.} Kh8 (29... b3 $15 30. d5 f5
31. Rxc6 Rcxc6 32. dxc6 b2) 30. g4 $2 {[#] Now White is beyond hope.} (30. d5
$11 {and White is okay.} exd5 31. Bxd5) 30... b3 $1 $19 31. Be4 $2 (31. Rb1)
31... f5 32. gxf5 exf5 33. Bxf5 Rf8 {[%cal Bc8f8,Bf8e8,Be8e1][%mdl 32]} 34. Bb1
{and the idea Qe4 leaves White hopeful.} Qb7 (34... Bxd4 35. Qe7 $19) (34...
Rxd4 35. Qh5 $17) 35. Qe4 $2 (35. d5 Rxd5 36. Re4) 35... Rg6+ 36. Kh1 Qd7 {
[%cal Rd7h3]} 37. R1c3 (37. R4c3 b2 38. Rd1) 37... Re8 ({Less strong is} 37...
Rxf2 38. Rxc6 Rf1+ 39. Kh2 $19) 38. Qf5 Re1+ 39. Kh2 {[#]} Qxf5 (39... Be5+
$142 $1 {[%mdl 512]} 40. Qxe5+ (40. dxe5 {gets mated.} Rh1+ {[%mdl 64] Decoy}
41. Kxh1 Qd1+ 42. Kh2 Qg1+ 43. Kh3 Qh1#) 40... Rxe5 41. dxe5 Rg8) 40. Bxf5 Rf6
41. Bd3 b2 ({Resist} 41... Rxf2+ 42. Kg3 $17) 42. Rxc6 $2 (42. Rb3 {was the
only defense.} Rd1 43. Be4) 42... Rxf2+ 43. Kg3 Rf8 {Weighted Error Value:
White=0.59/Black=0.36} 0-1

[Event "23rd ETCC Open 2021"]
[Site "Catez"]
[Date "2021.11.12"]
[Round "1.66"]
[White "Dastan, Muhammed Batuhan"]
[Black "Uruci, Endrit"]
[Result "0-1"]
[WhiteElo "2572"]
[BlackElo "2322"]
[Annotator "ChessBase"]
[PlyCount "60"]
[EventDate "2021.11.08"]
[EventType "team-tourn"]
[EventCountry "SLO"]
[SourceTitle "playchess.com"]
[Source "ChessBase"]
[SourceQuality "1"]
[WhiteTeam "Turkey"]
[BlackTeam "Kosovo"]
[WhiteTeamCountry "TUR"]
[BlackTeamCountry "KOS"]
[TimeControl "40/5400+30:1800+30"]

1. d4 d5 2. c4 c6 3. cxd5 cxd5 4. Bf4 Nc6 5. e3 Bf5 6. Qb3 Qb6 7. Qxb6 axb6 8.
Nc3 e6 9. Rc1 Nf6 10. Bb5 Rc8 11. Nf3 Bb4 12. Nh4 Bg6 13. a3 Bxc3+ 14. Rxc3 Nh5
15. Bd6 Kd7 16. Bb4 Kd8 17. Kd2 Nf6 18. f3 Ne8 19. Rhc1 Kd7 20. e4 dxe4 21.
Nxg6 hxg6 22. fxe4 Nf6 23. Ke3 Rxh2 24. Bf1 Rh4 25. Bd3 Ng4+ 26. Kf3 Nf6 27.
Ke3 Rg4 28. R1c2 Rg3+ 29. Kf2 Rxd3 30. Rxd3 Nxb4 0-1

[Event "23rd ETCC Open 2021"]
[Site "Catez"]
[Date "2021.11.12"]
[Round "1.67"]
[White "Makolli, Perparim"]
[Black "Can, Emre"]
[Result "0-1"]
[WhiteElo "2245"]
[BlackElo "2570"]
[Annotator "ChessBase"]
[PlyCount "78"]
[EventDate "2021.11.08"]
[EventType "team-tourn"]
[EventCountry "SLO"]
[SourceTitle "playchess.com"]
[Source "ChessBase"]
[SourceQuality "1"]
[WhiteTeam "Kosovo"]
[BlackTeam "Turkey"]
[WhiteTeamCountry "KOS"]
[BlackTeamCountry "TUR"]
[TimeControl "40/5400+30:1800+30"]

1. e4 c5 2. Nf3 d6 3. d4 cxd4 4. Nxd4 Nf6 5. Nc3 Nc6 6. Bc4 e6 7. Be3 Be7 8.
Qe2 a6 9. O-O-O Nxd4 10. Bxd4 b5 11. Bb3 O-O 12. e5 dxe5 13. Bxe5 Qb6 14. Ne4
Nxe4 15. Qxe4 Bg5+ 16. f4 Bb7 17. Qe2 Bh6 18. Rd6 Qc5 19. Rhd1 Bxg2 20. Kb1 Bh3
21. Rd7 Qc6 22. a4 Bf5 23. Rc7 Qb6 24. Rdd7 bxa4 25. Bxa4 Qa5 26. Bc6 Rad8 27.
Bc3 Qb6 28. Bd4 Qb8 29. Be5 Rxd7 30. Bxd7 Qb6 31. Rc6 Qb7 32. Rc7 Qh1+ 33. Ka2
f6 34. Bc6 Qc1 35. Bd6 Bxf4 36. Bxf8 Bxc7 37. Qxa6 Bxc2 38. Qc8 Qb1+ 39. Ka3
Qa1+ 0-1

[Event "23rd ETCC Open 2021"]
[Site "Catez"]
[Date "2021.11.12"]
[Round "1.68"]
[White "Gokerkan, Cem Kaan"]
[Black "Saraci, Korab"]
[Result "1-0"]
[WhiteElo "2444"]
[BlackElo "2149"]
[Annotator "NA"]
[PlyCount "113"]
[EventDate "2021.11.08"]
[EventType "team-tourn"]
[EventCountry "SLO"]
[SourceTitle "playchess.com"]
[Source "ChessBase"]
[SourceQuality "1"]
[WhiteTeam "Turkey"]
[BlackTeam "Kosovo"]
[WhiteTeamCountry "TUR"]
[BlackTeamCountry "KOS"]
[TimeControl "40/5400+30:1800+30"]

1. e4 e5 2. Nf3 Nf6 3. Nxe5 d6 4. Nf3 Nxe4 5. d3 Nf6 6. d4 d5 7. Bd3 Bd6 8.
Qe2+ Qe7 9. Qxe7+ Bxe7 10. O-O O-O 11. Bf4 c6 12. h3 Nbd7 13. Re1 Re8 14. Nbd2
Nf8 15. c3 Ng6 16. Bh2 Nh5 17. Ne5 Ngf4 18. Bf1 f6 19. Nd3 g5 20. Nxf4 Nxf4 21.
Bxf4 gxf4 22. Bd3 Bd7 23. Nf3 b5 24. Nh4 Bf8 25. Kf1 Rab8 26. Bf5 Bxf5 27. Nxf5
Re4 28. Rxe4 dxe4 29. Re1 Re8 30. f3 e3 31. g3 fxg3 32. Kg2 c5 33. Kxg3 cxd4
34. cxd4 e2 35. Kf2 Rd8 36. Ke3 Kf7 37. Rxe2 Re8+ 38. Kd3 Rxe2 39. Kxe2 Ke6 40.
Ne3 Bh6 41. d5+ Kd7 42. Kd3 Bf4 43. Ke4 Be5 44. b3 Kd6 45. Ng4 Bc3 46. Kf5 Kxd5
47. Nxf6+ Kd4 48. Nxh7 Kd3 49. h4 Bh8 50. f4 Kc2 51. Kg6 Kb2 52. f5 Bd4 53. f6
Kxa2 54. f7 Bc5 55. f8=Q Bxf8 56. Nxf8 a5 57. Ne6 1-0

[Event "23rd ETCC Open 2021"]
[Site "Catez"]
[Date "2021.11.12"]
[Round "1.69"]
[White "Andersen, Mads"]
[Black "Tate, Alan"]
[Result "1-0"]
[WhiteElo "2575"]
[BlackElo "2342"]
[Annotator "ChessBase"]
[PlyCount "47"]
[EventDate "2021.11.08"]
[EventType "team-tourn"]
[EventCountry "SLO"]
[SourceTitle "playchess.com"]
[Source "ChessBase"]
[SourceQuality "1"]
[WhiteTeam "Denmark"]
[BlackTeam "Scotland"]
[WhiteTeamCountry "DEN"]
[BlackTeamCountry "SCO"]
[TimeControl "40/5400+30:1800+30"]

1. d4 d5 2. c4 e6 3. Nf3 Nf6 4. g3 Be7 5. Bg2 O-O 6. O-O c6 7. Qc2 b6 8. Rd1
Bb7 9. b3 Nbd7 10. Nc3 Rc8 11. e4 c5 12. exd5 exd5 13. Nh4 cxd4 14. Rxd4 Bc5
15. Rd2 Bb4 16. Bb2 b5 17. a3 Bxc3 18. Qxc3 bxc4 19. Nf5 Nb6 20. Qe3 Rc7 21.
Bd4 Ne8 22. Re1 Kh8 23. Rde2 Bc8 24. Qxe8 1-0

[Event "23rd ETCC Open 2021"]
[Site "Catez"]
[Date "2021.11.12"]
[Round "1.70"]
[White "Bremner, Adam"]
[Black "Thybo, Jesper Sondergaard"]
[Result "0-1"]
[WhiteElo "2204"]
[BlackElo "2604"]
[Annotator "TA"]
[PlyCount "130"]
[EventDate "2021.11.08"]
[EventType "team-tourn"]
[EventCountry "SLO"]
[SourceTitle "playchess.com"]
[Source "ChessBase"]
[SourceQuality "1"]
[WhiteTeam "Scotland"]
[BlackTeam "Denmark"]
[WhiteTeamCountry "SCO"]
[BlackTeamCountry "DEN"]

{[%evp 17,130,30,42,36,34,0,11,-70,-70,-75,-54,-67,-68,-68,-79,-99,-71,-64,-59,
-70,-63,-84,-66,-56,-58,-71,-59,-95,-101,-180,-172,-167,-162,-166,-171,-175,
-173,-220,-184,-195,-178,-197,-177,-170,-182,-178,-173,-172,-176,-169,-176,
-200,-142,-143,-143,-144,-150,-166,-150,-166,-166,-166,-146,-147,-147,-166,
-115,-122,-89,-82,-82,-82,-81,-81,-81,-82,-82,-175,-180,-170,-176,-175,-131,
-370,-174,-243,-235,-236,-240,-287,-91,-100,0,-272,-168,-314,-297,-252,-8,-300,
-244,-380,-354,-557,-557,-714,-664,-9124,-7227,-29978,-29979,-29977,-29977,
-29969,-6065]} 1. d4 Nf6 2. c4 e6 3. Nf3 b6 4. g3 Bb4+ 5. Bd2 a5 6. Bg2 Bb7 7.
O-O O-O 8. a3 Bxd2 9. Qxd2 {now supersedes 9.Nbxd2.} d6 {[#]} 10. Qc2 $146 {
E16: Queen's Indian: 4 g3 Bb7 5 Bg2 Bb4+.} ({Predecessor:} 10. Qd3 Be4 11. Qe3
Nbd7 12. Nc3 Bb7 13. Qd3 e5 14. e4 exd4 15. Nxd4 Nc5 16. Qc2 a4 17. Rad1 Re8 {
1-0 (43) Lysyj,I (2600)-Stupak,K (2459) Tallinn 2019}) 10... Nbd7 11. Nbd2 a4
12. b4 (12. e4 $11) 12... axb3 $1 $15 13. Nxb3 Be4 14. Qb2 Ra4 15. Rfc1 Qa8 16.
Rc3 e5 17. dxe5 Nxe5 18. Nbd2 Bc6 19. Nh4 Ne4 20. Nxe4 Bxe4 21. Qc1 Re8 22. h3
Qc6 {[%cal Re5c4]} 23. f3 (23. Nf3 $17) 23... Qc5+ $19 24. Qe3 {[#]} g5 $1 25.
Qxc5 bxc5 26. f4 Bxg2 (26... Rxc4 27. Rxc4 Nxc4 28. fxg5 $17) 27. fxe5 Bxh3 (
27... gxh4 28. Kxg2 Rxe5 29. Kf2) 28. Nf3 h6 (28... dxe5 29. Nxg5 Bg4 30. Ne4
$15) 29. Kf2 Be6 30. exd6 cxd6 31. Nd2 Bg4 32. Nf3 Rb8 33. Rd1 Rb6 34. Nd2 Bf5
35. Nf1 Be6 36. Ne3 Kg7 37. g4 Raa6 38. Nd5 Rb7 (38... Bxg4 $6 39. Nxb6 Rxb6
40. Rcd3 $15) 39. Ne3 Kg6 40. Rcd3 Rd7 41. Rh1 f6 ({Black should try} 41... Ra4
$19 42. Rb3 d5 43. cxd5 Bxd5 44. Nxd5 Rxd5) 42. Nf5 $17 Rh7 ({But not} 42...
Bxc4 $6 43. Rxh6+ Kf7 44. Rh7+ Ke8 45. Rh8+ Kf7 46. Re3 $11 (46. Rh7+ Ke8 $11))
43. e4 Bxc4 44. Rxd6 Rxd6 45. Nxd6 {[%mdl 4096] Endgame KRB-KRN} Bb3 46. Nf5 c4
47. Rh3 (47. Ke3 $17) 47... Bc2 $19 48. Nd6 Bd1 49. Rg3 Rc7 {And now ...c3
would win.} 50. Ke1 $2 {[#]} (50. Nb5 $17 {was the only defense.} Rd7 51. Nc3)
50... Bb3 (50... Bxg4 $142 $1 {[%mdl 512] Strongly threatening ...c3.} 51. Rxg4
c3) 51. Rc3 {[#]} (51. Nb5 $142 Re7 52. Nc3) 51... h5 $1 52. gxh5+ Kxh5 53. Nf5
Kg4 $2 (53... g4 $19 {and Black stays clearly on top. ...Kg5 is the strong
threat.} 54. Kf2 Rd7) 54. Ne3+ $17 Kh5 $2 (54... Kh4 $17 55. Kf2 Rc6) 55. Nf5
$1 $19 Rd7 56. Ke2 (56. a4 $142) 56... g4 57. Ke3 {[#]} Ra7 $2 (57... Rd1 $1
$19 {White must now prevent ...Kg5.} 58. Ke2 Ra1) 58. Nd6 $2 {[%mdl 8192]} (58.
Kf4 $11 {and White is okay.}) 58... Ra6 ({Worse is} 58... Rxa3 59. Nxc4 Ra4 60.
Nb6 $11) 59. Nf5 (59. Nb5 $142) 59... Kg5 60. Kd4 (60. a4 {was necessary.} Rxa4
61. Nd4) 60... Rxa3 61. Nd6 Ra1 62. Nf7+ Kf4 63. Nh8 Rd1+ {Black mates.} 64.
Kc5 g3 65. Ng6+ Kg4 {Weighted Error Value: White=0.55/Black=0.23} 0-1

[Event "23rd ETCC Open 2021"]
[Site "Catez"]
[Date "2021.11.12"]
[Round "1.71"]
[White "Rasmussen, Allan Stig"]
[Black "Muir, Andrew J"]
[Result "1-0"]
[WhiteElo "2577"]
[BlackElo "2254"]
[Annotator "ChessBase"]
[PlyCount "65"]
[EventDate "2021.11.08"]
[EventType "team-tourn"]
[EventCountry "SLO"]
[SourceTitle "playchess.com"]
[Source "ChessBase"]
[SourceQuality "1"]
[WhiteTeam "Denmark"]
[BlackTeam "Scotland"]
[WhiteTeamCountry "DEN"]
[BlackTeamCountry "SCO"]
[TimeControl "40/5400+30:1800+30"]

1. e4 c5 2. Nf3 Nc6 3. d4 cxd4 4. Nxd4 Nf6 5. Nc3 d6 6. Bg5 e6 7. Qd2 Be7 8.
O-O-O O-O 9. f4 Nxd4 10. Qxd4 Qa5 11. Kb1 Rd8 12. h4 Bd7 13. Qe3 Bc6 14. Bd3 h6
15. Qh3 Rd7 16. g4 Kf8 17. f5 Qe5 18. Bxf6 gxf6 19. Rhf1 Kg7 20. Ne2 d5 21.
fxe6 fxe6 22. exd5 Bxd5 23. Nf4 Rad8 24. Rde1 Be4 25. Bxe4 Qxe4 26. a3 Rd1+ 27.
Rxd1 Rxd1+ 28. Rxd1 Qxf4 29. Rd7 Kf8 30. Rxb7 Qd4 31. Qf3 Ke8 32. Qc6+ Kf8 33.
Qxe6 1-0

[Event "23rd ETCC Open 2021"]
[Site "Catez"]
[Date "2021.11.12"]
[Round "1.72"]
[White "Morrison, Graham"]
[Black "Hansen, Sune Berg"]
[Result "1-0"]
[WhiteElo "2251"]
[BlackElo "2543"]
[Annotator "ChessBase"]
[PlyCount "129"]
[EventDate "2021.11.08"]
[EventType "team-tourn"]
[EventCountry "SLO"]
[SourceTitle "playchess.com"]
[Source "ChessBase"]
[SourceQuality "1"]
[WhiteTeam "Scotland"]
[BlackTeam "Denmark"]
[WhiteTeamCountry "SCO"]
[BlackTeamCountry "DEN"]
[TimeControl "40/5400+30:1800+30"]

1. d4 d5 2. c4 e6 3. Nf3 a6 4. cxd5 exd5 5. Nc3 Nf6 6. Bg5 Be6 7. e3 Nbd7 8.
Bd3 Bd6 9. O-O c6 10. Bf4 Qc7 11. Bxd6 Qxd6 12. h3 h6 13. Qc2 O-O 14. b4 Rfe8
15. Rab1 Nb6 16. a4 Nfd7 17. a5 Nc8 18. Na4 Qe7 19. Nc5 Nf8 20. Ne5 Nd6 21.
Rbe1 Rad8 22. f4 Bc8 23. g4 f6 24. Ng6 Nxg6 25. Bxg6 Rf8 26. f5 Qc7 27. Kg2 b6
28. axb6 Qxb6 29. Qa4 Qc7 30. Qa2 Kh8 31. h4 Qe7 32. Qc2 Qc7 33. Rf2 a5 34. Qa4
axb4 35. Qxb4 Qe7 36. Qb1 Bd7 37. Rb2 Ra8 38. Rb3 Bc8 39. Qc2 Ra5 40. Kg1 Rd8
41. Qg2 Nc4 42. Nd3 Qa7 43. Qg3 Nd6 44. Nc5 Ra2 45. Reb1 Nb5 46. g5 fxg5 47.
hxg5 Qe7 48. Qf4 hxg5 49. Qg4 Kg8 50. Ne6 Bxe6 51. fxe6 Qf6 52. Bf7+ Kf8 53.
Rf1 Ke7 54. Rxf6 gxf6 55. Qd1 Rda8 56. Qc1 Nd6 57. Rb2 Ra1 58. Rb1 R1a7 59. Qc5
f5 60. Qxc6 Rc8 61. Qxd5 Rc2 62. e4 Raa2 63. exf5 Nc4 64. f6+ Kxf6 65. Rf1+ 1-0

[Event "23rd ETCC Open 2021"]
[Site "Catez"]
[Date "2021.11.12"]
[Round "1.73"]
[White "Kanyamarala, Tarun"]
[Black "Borisek, Jure"]
[Result "1/2-1/2"]
[WhiteElo "2321"]
[BlackElo "2595"]
[Annotator "ChessBase"]
[PlyCount "93"]
[EventDate "2021.11.08"]
[EventType "team-tourn"]
[EventCountry "SLO"]
[SourceTitle "playchess.com"]
[Source "ChessBase"]
[SourceQuality "1"]
[WhiteTeam "Ireland"]
[BlackTeam "Slovenia"]
[WhiteTeamCountry "IRL"]
[BlackTeamCountry "SLO"]
[TimeControl "40/5400+30:1800+30"]

1. d4 d5 2. c4 dxc4 3. Nf3 Nf6 4. e3 e6 5. Bxc4 c5 6. O-O Nc6 7. Qe2 a6 8. Nc3
b5 9. Bb3 Bb7 10. Rd1 Be7 11. d5 Nxd5 12. e4 Nd4 13. Nxd4 Nxc3 14. bxc3 cxd4
15. cxd4 O-O 16. Bb2 Re8 17. Rd3 Bf8 18. Rad1 Rc8 19. Rg3 g6 20. Rh3 Qg5 21.
Rg3 Qh4 22. Rg4 Qe7 23. Bc1 Bg7 24. Bg5 Qd7 25. Rf4 a5 26. e5 Rc3 27. h4 Rec8
28. d5 exd5 29. Rfd4 R3c5 30. Qe4 h6 31. Be3 Qe8 32. Bxd5 Bxd5 33. Rxd5 Rc4 34.
R1d4 a4 35. h5 g5 36. Qd3 Bxe5 37. Rd8 Bxd4 38. Rxe8+ Rxe8 39. Bxd4 Rd8 40. Qf5
Rcxd4 41. Qxb5 R8d5 42. Qb8+ Kg7 43. Qb2 g4 44. g3 Kf6 45. Qb8 Kg7 46. Qb2 Kf6
47. Qb8 1/2-1/2

[Event "23rd ETCC Open 2021"]
[Site "Catez"]
[Date "2021.11.12"]
[Round "1.74"]
[White "Skoberne, Jure"]
[Black "Jessel, Stephen"]
[Result "1-0"]
[WhiteElo "2562"]
[BlackElo "2297"]
[Annotator "ChessBase"]
[PlyCount "141"]
[EventDate "2021.11.08"]
[EventType "team-tourn"]
[EventCountry "SLO"]
[SourceTitle "playchess.com"]
[Source "ChessBase"]
[SourceQuality "1"]
[WhiteTeam "Slovenia"]
[BlackTeam "Ireland"]
[WhiteTeamCountry "SLO"]
[BlackTeamCountry "IRL"]
[TimeControl "40/5400+30:1800+30"]

1. g3 d5 2. Bg2 e5 3. d3 Nc6 4. a3 Be6 5. b4 Qd7 6. Bb2 f6 7. Nd2 h5 8. Ngf3 g5
9. h3 Nge7 10. Nb3 Ng6 11. h4 g4 12. Nfd2 b6 13. c4 Rd8 14. Qc2 d4 15. Ne4 Be7
16. Bc1 O-O 17. Bh6 Rf7 18. O-O Rc8 19. Bd2 Nf8 20. b5 Nd8 21. Bb4 Nh7 22. Bxe7
Qxe7 23. e3 f5 24. Ned2 dxe3 25. fxe3 f4 26. exf4 exf4 27. Rxf4 Rxf4 28. gxf4
Qxh4 29. d4 Qf6 30. Be4 Nf8 31. f5 Bd7 32. Bd5+ Nf7 33. Ne4 Qh6 34. Qd2 Qxd2
35. Nbxd2 Nh7 36. Be6 Bxe6 37. fxe6 Nfg5 38. d5 Kf8 39. Rf1+ Kg7 40. Ng3 Kg6
41. Nf5 Re8 42. a4 Nf6 43. Nh4+ Kg7 44. Rf5 Ngh7 45. Nf1 Kh6 46. Ng3 Rg8 47.
Re5 Ng5 48. Kg2 Nh3 49. Rf5 Kg7 50. Kh2 Rh8 51. Re5 Kh6 52. Ngf5+ Kh7 53. Kg3
Ng5 54. Re2 Nge4+ 55. Kf4 Nc5 56. Ke5 Ne8 57. e7 Rg8 58. d6 cxd6+ 59. Kd5 Nd3
60. Re3 Nf4+ 61. Kc6 Ng6 62. Re6 g3 63. Ng2 Ne5+ 64. Kb7 Nf7 65. Kxa7 Rg5 66.
Nfe3 Re5 67. Rxe5 Nxe5 68. Kxb6 Kg6 69. a5 Kg5 70. a6 Nd7+ 71. Ka5 1-0

[Event "23rd ETCC Open 2021"]
[Site "Catez"]
[Date "2021.11.12"]
[Round "1.75"]
[White "Nemeth, Zalan"]
[Black "Sebenik, Matej"]
[Result "0-1"]
[WhiteElo "2163"]
[BlackElo "2509"]
[Annotator "ChessBase"]
[PlyCount "82"]
[EventDate "2021.11.08"]
[EventType "team-tourn"]
[EventCountry "SLO"]
[SourceTitle "playchess.com"]
[Source "ChessBase"]
[SourceQuality "1"]
[WhiteTeam "Ireland"]
[BlackTeam "Slovenia"]
[WhiteTeamCountry "IRL"]
[BlackTeamCountry "SLO"]
[TimeControl "40/5400+30:1800+30"]

1. c4 e6 2. g3 d5 3. Bg2 Nf6 4. Nf3 d4 5. O-O Be7 6. e3 Nc6 7. exd4 Nxd4 8. b3
O-O 9. Na3 Nxf3+ 10. Bxf3 e5 11. Bb2 e4 12. Bg2 Re8 13. Re1 Bg4 14. Qc2 Bf5 15.
Nb5 Bg6 16. Qc3 a6 17. Nd4 Qd7 18. h3 Bd6 19. Qe3 Bc5 20. b4 Bxb4 21. Nb3 Rad8
22. Rad1 b6 23. c5 bxc5 24. Nxc5 Qb5 25. Nb3 Nd5 26. Qe2 Qxe2 27. Rxe2 Bh5 28.
g4 Bg6 29. d4 f5 30. a3 Bf8 31. Nd2 Nf4 32. Re3 Nxg2 33. Kxg2 f4 34. Ree1 Rb8
35. Bc1 e3 36. fxe3 fxe3 37. Nc4 Be4+ 38. Kg3 Bc2 39. Bxe3 Bxd1 40. Rxd1 Rb3
41. Kf2 Rc3 0-1

[Event "23rd ETCC Open 2021"]
[Site "Catez"]
[Date "2021.11.12"]
[Round "1.76"]
[White "Janzelj, Tim"]
[Black "Kanyamarala, Trisha"]
[Result "1-0"]
[WhiteElo "2474"]
[BlackElo "2089"]
[Annotator "ChessBase"]
[PlyCount "97"]
[EventDate "2021.11.08"]
[EventType "team-tourn"]
[EventCountry "SLO"]
[SourceTitle "playchess.com"]
[Source "ChessBase"]
[SourceQuality "1"]
[WhiteTeam "Slovenia"]
[BlackTeam "Ireland"]
[WhiteTeamCountry "SLO"]
[BlackTeamCountry "IRL"]
[TimeControl "40/5400+30:1800+30"]

1. d4 Nf6 2. c4 e6 3. Nf3 d5 4. Nc3 Bb4 5. cxd5 exd5 6. Bg5 h6 7. Bh4 O-O 8. e3
Bf5 9. Qb3 Bxc3+ 10. bxc3 Nbd7 11. Be2 Rb8 12. O-O Re8 13. Rfd1 Qe7 14. a4 Qe6
15. c4 Be4 16. Rac1 Rec8 17. Nd2 dxc4 18. Bxc4 Bd5 19. Bxd5 Qxd5 20. Bg3 Qxb3
21. Nxb3 Ne8 22. Rc2 Nb6 23. a5 Nd5 24. Rdc1 b6 25. a6 Ra8 26. Rc4 f5 27. Kf1
Kf7 28. Ke2 Ke7 29. f3 f4 30. Bxf4 Nxf4+ 31. exf4 Kd7 32. d5 Nf6 33. Rd4 Re8+
34. Kd3 Rad8 35. Rd1 c5 36. dxc6+ Kxc6 37. Kc4 b5+ 38. Kb4 Nd5+ 39. Ka5 Re3 40.
Rc1+ Kd6 41. Rc5 Ke6 42. Rxb5 Re2 43. f5+ Ke5 44. f4+ Kxf5 45. Rdxd5+ Rxd5 46.
Nd4+ Ke4 47. Nxe2 Rxb5+ 48. Kxb5 Ke3 49. Ng3 1-0

[Event "23rd ETCC Open 2021"]
[Site "Catez"]
[Date "2021.11.13"]
[Round "2.1"]
[White "Grischuk, Alexander"]
[Black "Navara, David"]
[Result "1/2-1/2"]
[WhiteElo "2773"]
[BlackElo "2699"]
[Annotator "TA"]
[PlyCount "62"]
[EventDate "2021.11.08"]
[EventType "team-tourn"]
[EventCountry "SLO"]
[SourceTitle "playchess.com"]
[Source "ChessBase"]
[SourceQuality "1"]
[WhiteTeam "RUS"]
[BlackTeam "CZE"]
[WhiteTeamCountry "RUS"]
[BlackTeamCountry "CZE"]

{[%evp 16,62,23,0,8,-7,22,13,16,18,21,23,31,0,0,0,0,0,0,0,0,0,0,0,0,0,0,0,0,0,
0,0,0,0,0,0,0,0,0,0,1,0,0,0,0,0,0,0,0]} 1. e4 e5 2. Nf3 Nc6 3. Bb5 Nf6 4. O-O
Nxe4 5. d4 Nd6 6. Bxc6 dxc6 7. dxe5 Nf5 8. Qxd8+ Kxd8 9. h3 Be7 {9...Bd7 is a
critical line. C67: Ruy Lopez: Berlin Defence: 4 0-0 Nxe4.} 10. Nc3 Nh4 11.
Nxh4 Bxh4 12. Be3 Ke8 13. Rad1 h5 14. Ne4 (14. Ne2 {is interesting.} Bf5 15.
Nd4 Bh7 16. c3 Rd8 17. b4) 14... Be7 {The position is equal.} 15. Rfe1 Bf5 16.
Bf4 Rd8 {aiming for ...Rxd1.} 17. Nd6+ cxd6 18. exd6 {[%mdl 64] [#] Pin} Be6 {
...Bf6 is the strong threat.} 19. dxe7 Kxe7 {[#]} 20. a4 $146 ({Predecessor:} 
20. h4 f6 21. f3 Kf7 22. Kf2 Rhe8 23. a3 c5 24. Rd2 Rxd2+ 25. Bxd2 Rd8 26. Be3
{1/2-1/2 (56) Ewert,H (2261)-Fakhrutdinov,T (2441) Mamaia 2017}) 20... Rxd1 21.
Rxd1 Rd8 22. Rxd8 Kxd8 $11 {[%mdl 4096] Endgame KB-KB} 23. a5 b6 24. axb6 axb6
25. b4 c5 26. bxc5 bxc5 27. Be3 Bf5 28. Bxc5 Bxc2 29. h4 Ke8 30. Be3 Bf5 31.
Bc1 Bc8 {Not much happened in this game.  Weighted Error Value: White=0.03/
Black=0.03} 1/2-1/2